El Cd̤igo Civil francš de 1804 y el Cd̤igo Civil chileno de 1855 Influencias, confluencias y divergencias /

Bibliographic Details
Main Author: Corral Talciani, Hernǹ
Format: eBook
Language:Spanish
Published: Santiago de Chile: Universidad de los Andes (Chile), 2004
Subjects:
Online Access:Acceso restringido

MARC

LEADER 00000nam a22000007a 4500
005 20190416232633.0
007 cr|||| ||||
008 190416s2004 cl |||||s|||| 00||0 spa d
020 |a 956-7160-30-9 
035 |a 21283 
040 |a vLex 
090 |c 8650  |d 8650 
100 1 |a Corral Talciani, Hernǹ 
245 1 2 |a El Cd̤igo Civil francš de 1804 y el Cd̤igo Civil chileno de 1855  |h [Recurso electrn̤ico] :  |b Influencias, confluencias y divergencias /  |c Hernǹ Corral Talciani 
256 |a Servicio en ln̕ea 
260 |a Santiago de Chile:  |b Universidad de los Andes (Chile),  |c 2004 
300 |a 1 recurso electrn̤ico 
506 1 |a Disponible solo en los productos indicados  |d vLex Global  |d vLex Global (Academic Edition, excluding Law Schools)  |d vLex Global (U.S. Academic Edition, Law Schools)  |d vLex Global (U.S. Academic Edition, excluding Law Schools)  |d vLex Global (Academic Edition, Law Schools) 
650 0 4 |a Derecho Civil  |z Chile 
740 0 |a vLex Libros (Servicio en ln̕ea) 
856 4 0 |u http://vlex.com/source/codigo-civil-frances-de-1804-y-el-codigo-civil-chileno-de-1855-influencias-confluencias-y-divergencias-21283  |z Acceso restringido 
942 |c BOOK 
999 0 |a Civil Law